Communist Countries of the World - Statistics

General Stats
  • This quiz has been taken 52 times
  • The average score is 4 of 5
Answer Stats
Answer % Correct
China
100%
North Korea
93%
Vietnam
91%
Cuba
89%
Laos
70%
No matching quizzes found
Score Distribution
Percent of People with Each Score
Percentile by Number Answered
Your Score History
You have not taken this quiz